[Event "AUTO-MASTER-2367"]
[Site "http://www.queenalice.com/game.php?id=1386026"]
[Date "2015.9.28"]
[Round "1"]
[White "jupar"]
[Black "cmnetto"]
[Result "1-0"]
[WhiteElo "2091"]
[BlackElo "1931"]

1. d4 d5 2. c4 dxc4 3. Nc3 Nf6 4. e4 Nc6 5. Nf3 Bg4 6. d5 Ne5 7. Be2 e6 8. Bg5
Be7 9. Nxe5 Bxe2 10. Qxe2 exd5 11. exd5 O-O 12. O-O Re8 13. Rad1 Bd6 14. f4 Qe7
15. Qf3 Bxe5 16. fxe5 Qxe5 17. Bxf6 1-0

[Event "AUTO-MASTER-2367"]
[Site "http://www.queenalice.com/game.php?id=1386027"]
[Date "2015.9.28"]
[Round "1"]
[White "cmnetto"]
[Black "jupar"]
[Result "0-1"]
[WhiteElo "1717"]
[BlackElo "2039"]

1. e4 e5 2. Nf3 Nc6 3. Bb5 d6 4. Nc3 Nf6 5. d3 Be7 6. Bg5 O-O 7. Bxc6 bxc6 8.
O-O Bg4 9. h3 Be6 10. Nh4 h6 11. Bd2 Nxe4 12. Nxe4 Bxh4 13. f4 Bd5 14. f5 c5 15.
Qg4 Bxe4 16. dxe4 Bg5 17. Bxg5 Qxg5 18. Qxg5 hxg5 19. h4 gxh4 20. Kf2 Rab8 21.
b3 a5 22. Rh1 g5 23. fxg6 fxg6+ 24. Ke3 g5 25. g3 hxg3 0-1

[Event "AUTO-MASTER-2367"]
[Site "http://www.queenalice.com/game.php?id=1386037"]
[Date "2015.9.28"]
[Round "1"]
[White "krystek23"]
[Black "cmnetto"]
[Result "1-0"]
[WhiteElo "2282"]
[BlackElo "1733"]

1. c4 e5 2. Nc3 Nf6 3. d3 Nc6 4. g3 Bb4 5. Bd2 d6 6. Bg2 Bd7 7. Nf3 O-O 8. a3
Bxc3 9. Bxc3 Bg4 10. Qc2 h6 11. Nd2 Rb8 12. h3 Bf5 13. b4 1-0

[Event "AUTO-ADV-3504"]
[Site "http://www.queenalice.com/game.php?id=1386069"]
[Date "2015.9.29"]
[Round "1"]
[White "VamosJogar"]
[Black "cmnetto"]
[Result "1-0"]
[WhiteElo "1909"]
[BlackElo "1742"]

1. e4 e5 2. Nf3 Nc6 3. Bb5 d6 4. Bxc6+ bxc6 5. Nc3 Ba6 6. d3 Nf6 7. Be3 c5 8. a3
Be7 9. Bg5 O-O 10. Bxf6 Bxf6 11. Nd5 Bb7 12. c4 Bxd5 13. cxd5 Rb8 14. Qd2 Qc8
15. O-O Qb7 16. Rab1 c6 17. dxc6 Qxc6 18. b4 h6 19. Qc3 Rfc8 20. Rfc1 Rb6 21.
bxc5 dxc5 22. Nxe5 Qe6 23. f4 Bxe5 24. fxe5 1-0

[Event "AUTO-ADV-3504"]
[Site "http://www.queenalice.com/game.php?id=1386070"]
[Date "2015.9.29"]
[Round "1"]
[White "cmnetto"]
[Black "VamosJogar"]
[Result "0-1"]
[WhiteElo "1752"]
[BlackElo "1899"]

1. e4 e5 2. Nf3 Nc6 3. Nc3 d6 4. Bb5 Bd7 5. d3 h6 6. O-O Nf6 7. Be3 a6 8. Bxc6
Bxc6 9. d4 d5 10. exd5 Nxd5 11. Nxe5 Qf6 12. Ne4 Qf5 13. Nc5 Bxc5 14. Nxc6 bxc6
15. dxc5 Nxe3 16. fxe3 Qxc5 17. Qg4 Qxe3+ 18. Kh1 O-O 19. Rae1 Qb6 20. b3 Rae8
21. Rd1 Re7 0-1

[Event "AUTO-ADV-3504"]
[Site "http://www.queenalice.com/game.php?id=1386083"]
[Date "2015.9.29"]
[Round "1"]
[White "APSHOOTER"]
[Black "cmnetto"]
[Result "1-0"]
[WhiteElo "1648"]
[BlackElo "1906"]

1. e4 e5 2. Nf3 Nc6 3. d4 exd4 4. Nxd4 Nge7 5. a3 g6 6. Be3 Bg7 7. Nc3 O-O 8.
Qd2 d6 9. h3 Ne5 10. f4 N5c6 11. Nxc6 Nxc6 12. g4 Qe7 13. Bd3 a6 14. Nd5 Qd8 15.
O-O-O b5 16. f5 Ne5 17. Bh6 Bb7 18. Bxg7 Kxg7 19. f6+ Kh8 20. Qh6 Rg8 21. Ne7 c5
22. Nxg8 Qxg8 23. Rhf1 c4 24. Be2 Rd8 25. Rf2 Bxe4 26. Bf1 d5 27. Bg2 Bxg2 28.
Rxg2 Rd6 29. Re2 Re6 30. Rxd5 Nxg4 31. Qg7+ Qxg7 32. Rd8+ Qg8 33. Rxg8+ Kxg8 34.
Rxe6 fxe6 35. hxg4 g5 36. Kd2 Kf7 37. Ke3 1-0

[Event "AUTO-ADV-3504"]
[Site "http://www.queenalice.com/game.php?id=1386084"]
[Date "2015.9.29"]
[Round "1"]
[White "cmnetto"]
[Black "APSHOOTER"]
[Result "0-1"]
[WhiteElo "1798"]
[BlackElo "1656"]

1. e4 e5 2. Nf3 d6 3. Nc3 Nf6 4. d3 h6 5. Be2 a6 6. Bd2 Be6 7. h3 Nc6 8. O-O Qd7
9. Nh2 Nd4 10. Be3 O-O-O 11. Bxd4 exd4 12. Nb1 Be7 13. c3 d5 14. e5 Ne8 15. Bg4
f5 16. Bf3 Bc5 17. cxd4 Bxd4 18. Nc3 g5 19. Bh5 Bxe5 20. Re1 Qd6 21. Nf3 Bxc3
22. bxc3 Nf6 23. Nd4 Nxh5 24. Rxe6 Qf8 25. Qxh5 Re8 26. Rae1 Rxe6 27. Nxe6 Qe8
28. Qd1 Qc6 29. Nd4 Qxc3 30. Nxf5 Kb8 31. Qa1 Qxa1 32. Rxa1 c5 33. Rc1 b6 34. a4
h5 35. Ne7 d4 36. Nd5 Kb7 37. f3 Rg8 0-1

[Event "AUTO-ADV-3504"]
[Site "http://www.queenalice.com/game.php?id=1386093"]
[Date "2015.9.29"]
[Round "1"]
[White "cmnetto"]
[Black "worldwide"]
[Result "1-0"]
[WhiteElo "1923"]
[BlackElo "1843"]

1. e4 e5 2. Nf3 d6 3. Nc3 Nf6 4. d3 Bg4 5. Be2 Be7 6. h3 Bh5 7. O-O Nc6 8. Be3
Qd7 9. d4 exd4 10. Nxd4 Bxe2 11. Qxe2 Nxd4 12. Bxd4 a6 13. Rad1 c5 14. Bxc5 O-O
15. e5 Qc6 16. exf6 Bxf6 17. Bxd6 Rfe8 18. Qg4 Bxc3 19. bxc3 Qxc3 20. a3 Qxc2
21. Bf4 Qa2 22. Bh6 g6 23. Qd4 1-0

[Event "AUTO-ADV-3504"]
[Site "http://www.queenalice.com/game.php?id=1386094"]
[Date "2015.9.29"]
[Round "1"]
[White "worldwide"]
[Black "cmnetto"]
[Result "1-0"]
[WhiteElo "1836"]
[BlackElo "1822"]

1. b3 e5 2. e4 Nc6 3. Bb2 Nf6 4. d3 Be7 5. Nf3 d6 6. Be2 O-O 7. O-O Bg4 8. Nbd2
Nh5 9. c4 Nf4 10. a4 a6 11. Ba3 Rb8 12. b4 Bxf3 13. Nxf3 Bf6 14. b5 axb5 15.
axb5 Ne7 16. Qc2 c6 17. bxc6 bxc6 18. Rfb1 c5 19. g3 Nxe2+ 20. Qxe2 Nc6 21. Rxb8
Qxb8 22. Qc2 Qb7 23. Rb1 Qa7 24. Bc1 1-0

[Event "AUTO-OPEN-3548"]
[Site "http://www.queenalice.com/game.php?id=1386115"]
[Date "2015.9.29"]
[Round "1"]
[White "cmnetto"]
[Black "Paulobraz"]
[Result "0-1"]
[WhiteElo "1749"]
[BlackElo "1926"]

1. e4 g6 2. Nf3 Bg7 3. d4 d6 4. Bd3 Nc6 5. d5 Nb4 6. c3 Nxd3+ 7. Qxd3 Nf6 8. Bf4
O-O 9. Nbd2 Bg4 10. O-O a6 11. h3 Bd7 12. Qe3 c6 13. dxc6 Bxc6 14. Bh6 Qa5 15.
b4 Qh5 16. Bxg7 Kxg7 17. a4 h6 18. Nd4 g5 19. Nf5+ Kh7 20. Nxe7 Bd7 21. Qf3 Qxf3
22. gxf3 Bxh3 23. Rfd1 Rfe8 24. Nd5 Nxd5 25. exd5 Rac8 0-1

[Event "AUTO-OPEN-3548"]
[Site "http://www.queenalice.com/game.php?id=1386116"]
[Date "2015.9.29"]
[Round "1"]
[White "Paulobraz"]
[Black "cmnetto"]
[Result "1-0"]
[WhiteElo "1916"]
[BlackElo "1759"]

1. d4 c5 2. dxc5 e5 3. b4 Nc6 4. Bd2 Nf6 5. f3 b6 6. b5 Nd4 7. e3 Ne6 8. cxb6
axb6 9. Bc3 d6 10. Bc4 Qc7 11. Bb3 Nc5 12. Ne2 Nxb3 13. cxb3 Be7 14. O-O O-O 15.
Nd2 Nd5 16. Nc4 Bg5 17. Qxd5 Bb7 18. Qxd6 Qxd6 19. Nxd6 Bxe3+ 20. Kh1 Bd5 21.
Bxe5 Bc5 22. Nc3 Be6 23. Nb7 Bb4 24. Rac1 Bxc3 25. Rxc3 1-0

[Event "AUTO-OPEN-3548"]
[Site "http://www.queenalice.com/game.php?id=1386117"]
[Date "2015.9.29"]
[Round "1"]
[White "cmnetto"]
[Black "Shizumaru_Hisame"]
[Result "0-1"]
[WhiteElo "1921"]
[BlackElo "1956"]

1. e4 e6 2. Nf3 d5 3. exd5 exd5 4. d4 h6 5. Nc3 Nf6 6. Bd3 Bb4 7. Bd2 O-O 8. O-O
Re8 9. a3 Ba5 10. b4 Bb6 11. Be3 Ne4 12. Bxe4 dxe4 13. Nd2 f5 14. Nc4 Nd7 15.
Qh5 Nf6 16. Qh4 Bxd4 17. Bd2 b6 18. Qg3 g5 19. Rad1 Be6 20. Ne3 f4 0-1

[Event "AUTO-OPEN-3548"]
[Site "http://www.queenalice.com/game.php?id=1386118"]
[Date "2015.9.29"]
[Round "1"]
[White "Shizumaru_Hisame"]
[Black "cmnetto"]
[Result "1-0"]
[WhiteElo "1971"]
[BlackElo "1807"]

1. e4 e5 2. Nf3 Nc6 3. d4 exd4 4. Nxd4 Nf6 5. Nxc6 bxc6 6. Bd3 Be7 7. O-O O-O 8.
c4 Bb7 9. e5 Ne8 10. Qf3 f6 11. Qg3 fxe5 12. Qxe5 Bd6 13. Qh5 Nf6 14. Qh4 Be7
15. Qg3 Bd6 16. Bf4 Bxf4 17. Qxf4 c5 18. f3 d5 19. Nc3 d4 20. Nb5 Nd5 21. Qd2
Ne7 22. Qg5 1-0

[Event "AUTO-OPEN-3548"]
[Site "http://www.queenalice.com/game.php?id=1386119"]
[Date "2015.9.29"]
[Round "1"]
[White "cmnetto"]
[Black "chessman"]
[Result "0-1"]
[WhiteElo "1767"]
[BlackElo "1969"]

1. e4 e6 2. Nf3 d5 3. exd5 exd5 4. d4 Nf6 5. Bd3 Be7 6. Nc3 O-O 7. O-O Re8 8.
Bg5 c6 9. Ne5 h6 10. Bh4 Nbd7 11. f4 c5 12. dxc5 Nxc5 13. Bb5 Bd7 14. Bxd7 Nfxd7
15. Bxe7 Qxe7 16. Nxd5 Qd6 17. Nxd7 Nxd7 18. c4 Qc5+ 19. Kh1 Nb6 0-1

[Event "AUTO-OPEN-3548"]
[Site "http://www.queenalice.com/game.php?id=1386120"]
[Date "2015.9.29"]
[Round "1"]
[White "chessman"]
[Black "cmnetto"]
[Result "1-0"]
[WhiteElo "1960"]
[BlackElo "1776"]

1. e4 e5 2. Nf3 Nc6 3. Bb5 d6 4. Bxc6+ bxc6 5. d4 Nf6 6. dxe5 Nxe4 7. exd6 cxd6
8. c4 Ba6 9. Qd4 d5 10. cxd5 cxd5 11. Nc3 Rc8 12. Qa4+ Qd7 13. Qxa6 Rc6 14. Qd3
Bb4 15. O-O Nxc3 16. bxc3 Be7 17. Ne5 Qd6 18. Nxc6 Qxc6 19. Be3 O-O 20. Bd4 Bf6
21. Bxf6 Qxf6 22. Qxd5 1-0

[Event "Challenge"]
[Site "http://www.queenalice.com/game.php?id=1386225"]
[Date "2015.9.29"]
[Round "-"]
[White "cmnetto"]
[Black "helly"]
[Result "0-1"]
[WhiteElo "1714"]
[BlackElo "2281"]

1. e4 c5 2. Nf3 d6 3. Bc4 e6 4. Nc3 Nc6 5. d3 a6 6. Be3 Nf6 7. O-O Be7 8. a4 O-O
9. h3 Qc7 10. Bf4 Rd8 11. a5 Nxa5 12. Ba2 Nc6 13. Na4 Nd4 14. Nxd4 cxd4 15. c3
b5 16. cxd4 bxa4 17. e5 Nd5 18. Bxd5 exd5 19. Qf3 Be6 20. Qg3 Qb6 21. Bh6 Bf8
22. Bg5 Rdc8 23. Bf4 dxe5 24. Bxe5 Qxb2 25. f4 Bf5 26. Rab1 Qc2 27. Rbd1 Rc3 28.
Qf3 Bxd3 29. Rc1 Qb3 30. Rxc3 Qxc3 31. Rd1 a3 32. Rxd3 Qe1+ 0-1

[Event "Challenge"]
[Site "http://www.queenalice.com/game.php?id=1386226"]
[Date "2015.9.29"]
[Round "-"]
[White "cmnetto"]
[Black "helly"]
[Result "0-1"]
[WhiteElo "1921"]
[BlackElo "2067"]

1. e4 c5 2. Nf3 d6 3. Nc3 Nf6 4. d3 g6 5. Bg5 Bg7 6. Qd2 O-O 7. Bh6 Nc6 8. Bxg7
Kxg7 9. Be2 a6 10. O-O e6 11. a3 Qc7 12. Qf4 b5 13. h4 h5 14. Nd2 Rh8 15. Nb3
Bb7 16. Nxc5 e5 17. Qg3 dxc5 18. f4 exf4 19. Rxf4 Nd4 20. Raf1 Raf8 21. Qg5 Nh7
22. Bxh5 Nxg5 0-1

[Event "AUTO-ADV-3506"]
[Site "http://www.queenalice.com/game.php?id=1386782"]
[Date "2015.10.2"]
[Round "1"]
[White "antcabral"]
[Black "cmnetto"]
[Result "1-0"]
[WhiteElo "1838"]
[BlackElo "1740"]

1. e4 e5 2. Qh5 Nc6 3. d4 Nf6 4. Qg5 h6 5. Qf5 d6 6. Qf3 Nxd4 7. Qd3 Be7 8. h3
b6 9. c3 Nc6 10. Nd2 Bb7 11. Be2 a5 12. Qc4 1-0

[Event "AUTO-ADV-3506"]
[Site "http://www.queenalice.com/game.php?id=1386783"]
[Date "2015.10.2"]
[Round "1"]
[White "cmnetto"]
[Black "antcabral"]
[Result "0-1"]
[WhiteElo "1728"]
[BlackElo "1850"]

1. e4 e5 2. Nf3 Qe7 3. Nc3 c6 4. d3 h6 5. Be2 Nf6 6. O-O Qe6 7. d4 d6 8. dxe5
dxe5 9. b3 Bd6 10. Bd3 O-O 0-1

[Event "AUTO-ADV-3506"]
[Site "http://www.queenalice.com/game.php?id=1386804"]
[Date "2015.10.2"]
[Round "1"]
[White "maurice91"]
[Black "cmnetto"]
[Result "1-0"]
[WhiteElo "1899"]
[BlackElo "1835"]

1. d4 d5 2. Nf3 c5 3. Bf4 Nf6 4. c3 cxd4 5. cxd4 Nc6 6. Nc3 e6 7. e3 Bb4 8. Rc1
O-O 9. Bd3 a6 10. O-O b5 11. Nxb5 axb5 12. Rxc6 Bb7 13. Rc7 Ba6 14. a3 Ba5 15.
Rc1 Qd7 16. b4 Bb6 17. Qe2 1-0

[Event "AUTO-ADV-3506"]
[Site "http://www.queenalice.com/game.php?id=1386805"]
[Date "2015.10.2"]
[Round "1"]
[White "cmnetto"]
[Black "maurice91"]
[Result "0-1"]
[WhiteElo "1850"]
[BlackElo "1884"]

1. e4 c6 2. Nf3 d5 3. e5 Bf5 4. d4 e6 5. Bd3 Bxd3 6. Qxd3 Na6 7. c3 c5 8. O-O c4
9. Qc2 Nc7 10. Bf4 h6 11. b3 b5 12. b4 Ne7 13. Nbd2 g5 14. Bg3 Nf5 15. a4 Nxg3
16. fxg3 Bg7 17. a5 a6 18. Rf2 O-O 0-1